Zimowe Karty Wieloznaczne FIFA 23 - Statystyki

Ogólne statystyki
  • Ten quiz został rozwiązany 111 razy
  • Średni wynik to 9 z 19
Statystyki odpowiedzi
Ocena Klub Narodowość Pozycja Odpowiedź % Poprawnych
93 Manchester City Belgia ŚP Kevin de Bruyne
95%
91 Chelsea Francja ŚPD N'golo Kante
86%
89 Atletico Madryt Portugalia RW Joao Felix
72%
90 Manchester Utd Anglia ŚPO Jadon Sancho
63%
87 Real Madryt Francja LO Ferland Mendy
51%
87 F.C Barcelona Francja N Ousmane Dembele
51%
88 AC Milan Anglia ŚO Fikayo Tomori
46%
89 Crystal Palace Anglia BR Jack Butland
44%
87 F.C Bayern Monachium Holandia ŚP Ryan Gravenberch
44%
89 Olympique Lyon Francja N Alexandre Lacazette
40%
87 Los Angeles FC Włochy ŚPO Giorgio Chiellini
37%
86 Valencia CF Holandia LS Justin Kluivert
36%
86 Orlando City SC Brazylia N Alexandre Pato
34%
86 RB Leipzig Niemcy ŚO Lukas Klostermann
32%
85 LOSC Lille Brazylia LO Ismaily
30%
84 Birmingham City Holandia LM Tahith Chong
26%
85 Rio Ave FC Portugalia PP Hernani
25%
86 US Sassuolo Calcio Niemcy PO Jeremy Toljan
25%
85 Spezia Calcio Włochy PS Daniele Verde
24%
Nie znaleziono quizów pasujących do podanych kryteriów
Rozkład punktacji
Procent ludzi z każdym wynikiem
Percentyl według liczby udzielonych odpowiedzi
Twoja historia wyników
Nie rozwiązałeś tego quizu